Statistics for Masterchef Australia - Returning Players

Click here to take the quiz!

General Stats

  • This quiz has been taken 5 times
  • The average score is 6 of 45

Answer Stats

Original SeasonNameReturning Season% Correct
2nd in Season 2Callum HannBack To Win, All Stars
100%
3rd in Season 1Chris BadenochBack To Win, All Stars
100%
1st in Season 1Julie GoodwinFans & Favourites, All Stars
100%
2nd in Season 1Poh Ling YeowBack To Win, All Stars, Judge: 16
100%
1st in Season 4Andy AllenJudge: Back To Win - Present
50%
5th in Season 4Ben MilbourneBack To Win
50%
4th in Season 1Justine SchofieldAll Stars
50%
4th in Season 4Mindy WoodsFans & Favourites
50%
7th in Season 2Aaron HarvieAll Stars
0%
13th in Season 10Aldo OrtadoFans & Favourites
0%
6th in Season 2Alvin QuahFans & Favourites
0%
11th in Season 4Amina ElshafeiBack To Win
0%
2nd in Season 9Ben UngermannBack To Win
0%
1st in Season 7Billie McKayFans & Favourites
0%
9th in Season 10Brendan PangBack To Win
0%
13th in Season 13Brent DraperSecrets & Suprises
0%
25th in Season 6Cecilia VuongSeason 8
0%
5th in Season 5Christina BatistaFans & Favourites
0%
5th in Season 2Courtney RoulstonBack To Win
0%
4th in Season 3Dani VennBack To Win, All Stars
0%
3rd in Season 6Emelia JacksonBack To Win
0%
3rd in Season 8Harry FosterBack To Win
0%
5th in Season 3Hayden QuinnBack To Win, All Stars
0%
4th in Season 10Jess LiemantaraBack To Win, Dessert Masters
0%
12th in Season 7John CrasigFans & Favourites
0%
8th in Season 2Jonathan DaddiaAll Stars
0%
1st in Season 3Kate BracksAll Stars
0%
3rd in Season 10Khanh OngBack To Win
0%
11th in Season 3Kumar PereiraAll Stars
0%
2nd in Season 6Laura SharradBack To Win
0%
2nd in Season 5Lynton TappBack To Win
0%
9th in Season 2Marion GrasbyAll Stars
0%
2nd in Season 3Michael WeldonFans & Favourites
0%
10th in Season 13Minoli De SilverFans & Favourites
0%
6th in Season 10Reece HignellBack To Win
0%
4th in Season 7Reynold PoernomoBack To Win, Dessert Masters
0%
10th in Season 7Rose AdamBack To Win
0%
10th in Season 10Sarah ClareBack To Win
0%
6th in Season 9Sarah TiongBack To Win
0%
9th in Season 6Sarah ToddFans & Favourites
0%
1st in Season 10Sashi CheliahFans & Favourites
0%
3rd in Season 11Simon TooheyBack To Win
0%
2nd in Season 11Tessa BoersmaBack To Win
0%
7th in Season 13Tommy PhamFans & Favourites
0%
5th in Season 6Tracy CollinsBack To Win
0%

Score Distribution

Percentile by Number Answered

Percent of People with Each Score

Your Score History

You have not taken this quiz